000 00555nam a22001577a 4500
008 160503b xxu||||| |||| 00| 0 eng d
020 _a978-971-550-512-3
082 _22006
_aDFil 502
_bG16s
100 _97298
_aGarcia, Maria Isabel.
245 _aScience solitaire:
_bessays on science, nature and becoming human/
_cMaria Isabel Garcia.
260 _aQuezon City:
_bAteneo de Manila University Press,
_cc2006.
300 _a253 pages;
_c23 cm.
650 0 _97299
_aScience
_xMiscellanea.
650 0 _97300
_aNatural history
_xMiscellanea.
942 _2ddc
_cDFIL
999 _c2230
_d2230